US Supreme Court Justices - Statistics

General Stats
  • This quiz has been taken 14 times
  • The average score is 6 of 9
Answer Stats
Answer % Correct
Brett Kavanaugh
89%
Clarence Thomas
89%
Sonia Sotomayor
89%
John Roberts Jr.
78%
Ketanji Brown Jackson
78%
Neil Gorsuch
78%
Amy Coney Barrett
67%
Elena Kagan
67%
Samuel Alto
0%
No matching quizzes found
Score Distribution
Percent of People with Each Score
Percentile by Number Answered
Your Score History
You have not taken this quiz